1326 1463 1831 1239 1057 1622 1978 1135 1126 1500 1848 1864 1034 1666 1639 1680 1463 1082 1268 1660 1815 1677 1315 1114 1484 1157 1219 1342 1828 1198 1416 1433 1019 1173 1837 1613 1116 1444 1102 1873 1174 1918 1050 1647 1268 1346 1723 1564 1294 1030 1571 1783 1935 1118 1787 1623 1020 1353 1801 1951 1845 1754 1075 1310 1054 1500 1985 1312 1511 1956 1421 1257 1119 1513 1610 1990 1760 1022 1060 1203 1673 1740 1987 1576 1482 1794 1110 1344 1661 1149 1320 1726 1881 1914 1080 1055 1821 1410 1847 BCNSPRNW ULIB Ver.6.0+V

เปลี่ยนเป็นภาษาไทย

Change to English
 แสดงรายละเอียดบรรณานุกรม
  กลับหน้าหลัก

Brief Record : Get Marc (ISO 2709) : E-mail record : QR code < ปิดหน้าต่าง
LEADER : 00000nam 2200000uu 4500
001    13399125171
003     ULIB
008    161027s2558||||th 000 0 tha d
020    ^a9786161128302
099    ^aวจ.WA541.JT3 จ651ก
100 0  ^aดร.จุรีรัตน์ กิจสุพร,ดร.จุฬารัตน์ ห้าวหาญ,ดร.ยศพล เหลืองโสมนภาและนางรุจิรา เจียมอมรรัตน์
245 00 ^aการศึกษาความสัมพันธ์การกระจายกำลังคนด้านสุขภาพกับการป่วยด้วยโรคเรื้อรังของประชาชนไทย/^bดร.จุรีรัตน์ กิจสุพร,ดร.จุฬารัตน์ ห้าวหาญ,ดร.ยศพล เหลืองโสมนภาและนางรุจิรา เจียมอมรรัตน์
260    ^aกรุงเทพฯ:^bบริษัท จรัลสนิทวงศ์การพิมพ์ จำกัด;^c2558
300    ^a125หน้า:^bตาราง
710 1  ู^bสถาบันพระบรมราชชนก สำนักงานปลัดกระทรวงสาธารณสุข
945    ^p0^l0^i001426
999    ณรีรัตน์
รายการนี้ยังไม่มีแท็ก
คุณยังไม่ได้ล็อกอิน คุณสามารถมีกิจกรรมร่วมกับเว็บไซต์ได้ แต่ต้องล็อกอินก่อน ::
  ล็อกอิน

รายการสื่อสารสนเทศ

ลำดับที่ ประเภท เลขเรียก/บาร์โค้ด สถานที่ สถานะ
1. งานวิจัย
งานวิจัย
วจ.WA541.JT3 จ651ก ฉ.1 
  Barcode: 001426
ห้องสมุดวิทยาเขตสวรรค์ประชารักษ์
►วิจัย
บนชั้น

BibComment


ยังไม่เคยถูกคอมเมนท์

คอมเมนท์ทรัพยากรรายการนี้
  คอมเมนท์: การศึกษาความสัมพ..


 Copyright 2026. Bcnsprnw @Library